Countries on the Face of Harry Potter - Statistics

General Stats
  • This quiz has been taken 13 times
    8 since last reset
  • The average score is 4 of 6
Answers on the Map
Answers color-coded by a green-red scale on the quiz's map according to % correct below.
 
Answer Stats
Answer % Correct
Italy
86%
Austria
71%
Sweden
71%
Norway
57%
Portugal
57%
Switzerland
57%
No matching quizzes found
Score Distribution
Percent of People with Each Score
Percentile by Number Answered
Your Score History
You have not taken this quiz since the last reset